[Event "FAI-ch"]
[Site "Sandavagur"]
[Date "2024.03.29"]
[Round "7"]
[White "Gregersen, Einar"]
[Black "Nielsen, Torkil"]
[Result "1-0"]
[WhiteElo "1897"]
[BlackElo "2057"]
[PlyCount "153"]
[EventDate "2024.03.23"]
[EventType "tourn"]
[EventRounds "7"]
[EventCountry "FAI"]
[SourceTitle "CB14_2024"]
[SourceDate "2024.04.01"]
[SourceVersion "1"]
[SourceVersionDate "2024.04.01"]
[SourceQuality "1"]

1. Nf3 f5 2. d3 d6 3. e4 Nc6 4. exf5 Bxf5 5. d4 Nf6 6. Bd3 Qd7 7. Nc3 Nb4 8. 0-0 Nxd3 9. cxd3 h6 10. d5 g5 11. Nd4 Bg7 12. Re1 0-0 13. Ne6 Rf7 14. Qb3 c6 15. Bxg5 hxg5 16. Nxg5 Nxd5 17. Nxd5 cxd5 18. Nxf7 Kxf7 19. Qxd5+ e6 20. Qf3 Qc6 21. Qh5+ Bg6 22. Qg4 Qd5 23. Rac1 Qf5 24. Rc7+ Kg8 25. Qc4 d5 26. Qb4 Rf8 27. f3 Qxd3 28. Qe7 Qd4+ 29. Kh1 Bf7 30. Rxb7 Qd2 31. Rxe6 d4 32. Re2 Qd1+ 33. Re1 Qc2 34. Re2 Qb1+ 35. Re1 Qxa2 36. h4 a5 37. Qg5 d3 38. Rd7 Qxb2 39. Rxd3 a4 40. h5 Qf6 41. Qg4 Qa6 42. Ree3 Kh8 43. Qe4 Qb5 44. g4 Re8 45. Qf4 Qb1+ 46. Kg2 Qb2+ 47. Kh3 Rxe3 48. Qxe3 Qe5 49. Rd8+ Bg8 50. Qxe5 Bxe5 51. Ra8 Kg7 52. Rxa4 Bb3 53. Ra7+ Kf6 54. Kh4 Bd1 55. Ra6+ Kg7 56. Ra5 Bd4 57. Ra3 Bc5 58. Rc3 Bb4 59. Rd3 Be2 60. Re3 Be1+ 61. Kh3 Bf1+ 62. Kh2 Bd2 63. Ra3 Kf6 64. Ra2 Bf4+ 65. Kg1 Bc4 66. Ra3 Kg5 67. Kf2 Bd2 68. Ra4 Bb3 69. Rd4 Ba5 70. Rd3 Bc4 71. Rd6 Bb4 72. Rc6 Bd5 73. Rg6+ Kh4 74. h6 Bc5+ 75. Kg2 Bf7 76. h7 Bd4 77. h8Q+ 1-0

[Event "FAI-ch"]
[Site "Sandavagur"]
[Date "2024.03.27"]
[Round "5"]
[White "Simonsen, Hans Kristian"]
[Black "Nielsen, Torkil"]
[Result "1/2-1/2"]
[WhiteElo "2177"]
[BlackElo "2057"]
[PlyCount "34"]
[EventDate "2024.03.23"]
[EventType "tourn"]
[EventRounds "7"]
[EventCountry "FAI"]
[SourceTitle "CB14_2024"]
[SourceDate "2024.04.01"]
[SourceVersion "1"]
[SourceVersionDate "2024.04.01"]
[SourceQuality "1"]

1. e4 e5 2. Nf3 Nc6 3. d4 exd4 4. Nxd4 Nf6 5. Nxc6 bxc6 6. e5 Qe7 7. Qe2 Nd5 8. c4 Ba6 9. Qe4 Nb6 10. Nc3 Bb7 11. Be3 Qb4 12. 0-0-0 0-0-0 13. Bd2 Qc5 14. Qe3 Re8 15. f4 f6 16. Qxc5 Bxc5 17. exf6 gxf6 1/2-1/2

[Event "FAI-ch"]
[Site "Eidi"]
[Date "2022.04.12"]
[Round "4"]
[White "Nolsoe, Rani"]
[Black "Nielsen, Torkil"]
[Result "1-0"]
[WhiteElo "2068"]
[BlackElo "2136"]
[PlyCount "65"]
[EventDate "2022.04.09"]
[EventType "tourn"]
[EventRounds "7"]
[EventCountry "FAI"]
[SourceTitle "CBM 207 Extra"]
[Source "ChessBase"]
[SourceDate "2022.05.31"]
[SourceVersion "1"]
[SourceVersionDate "2022.05.31"]
[SourceQuality "1"]

1. e4 e5 2. Nf3 Nc6 3. Bc4 Nf6 4. d4 exd4 5. e5 d5 6. Bb5 Ne4 7. Nxd4 Bd7 8. Bxc6 bxc6 9. 0-0 Bc5 10. f3 Ng5 11. f4 Ne4 12. Be3 Qe7 13. Nd2 f5 14. Nxe4 fxe4 15. Qd2 0-0 16. Nb3 Bb6 17. Qc3 Bxe3+ 18. Qxe3 Qh4 19. Nc5 Bg4 20. c3 Rae8 21. Rae1 Bc8 22. Rf2 Rf5 23. Ref1 Ref8 24. h3 Rh5 25. e6 g6 26. Kh2 Qe7 27. g4 Rh4 28. f5 gxf5 29. gxf5 Rf6 30. Qg3+ Kh8 31. Qxh4 e3 32. Rg2 e2 33. Rfg1 1-0

[Event "FAI-ch"]
[Site "Eidi"]
[Date "2022.04.09"]
[Round "1"]
[White "Nielsen, Hogni Egilstoft"]
[Black "Nielsen, Torkil"]
[Result "1-0"]
[WhiteElo "2410"]
[BlackElo "2136"]
[PlyCount "57"]
[EventDate "2022.04.09"]
[EventType "tourn"]
[EventRounds "7"]
[EventCountry "FAI"]
[SourceTitle "CBM 207 Extra"]
[Source "ChessBase"]
[SourceDate "2022.05.31"]
[SourceVersion "1"]
[SourceVersionDate "2022.05.31"]
[SourceQuality "1"]

1. d3 c5 2. g3 Nf6 3. Bg2 e6 4. Nf3 d5 5. 0-0 Nc6 6. Nbd2 Be7 7. e4 0-0 8. Re1 Qb6 9. c3 Bd7 10. Qe2 Rad8 11. e5 Ne8 12. Nf1 f6 13. exf6 Bxf6 14. Ne3 d4 15. Ng4 dxc3 16. Nxf6+ Nxf6 17. bxc3 e5 18. Bg5 Bf5 19. Nxe5 Nxe5 20. Qxe5 Bxd3 21. Be3 Rc8 22. Rad1 Rfe8 23. Qf4 Qa6 24. Bxb7 Qxb7 25. Rxd3 Re4 26. Qf5 c4 27. Rd6 Rce8 28. Red1 Ng4 29. Rd7 1-0

[Event "FAI-chT 2122"]
[Site "Faroe Islands"]
[Date "2022.02.27"]
[Round "8.4"]
[White "Nielsen, Torkil"]
[Black "Hansen Eliasen, Bogi"]
[Result "1-0"]
[WhiteElo "2168"]
[BlackElo "1841"]
[PlyCount "61"]
[EventDate "2021.10.03"]
[EventType "team-tourn"]
[EventRounds "10"]
[EventCountry "FAI"]
[SourceTitle "EXT 2023"]
[Source "ChessBase"]
[SourceDate "2022.10.05"]
[SourceVersion "1"]
[SourceVersionDate "2022.10.05"]
[SourceQuality "1"]
[WhiteTeam "Sandavagur"]
[BlackTeam "Klaksvik"]
[WhiteTeamCountry "FAI"]
[BlackTeamCountry "FAI"]

1. e4 d5 2. exd5 Qxd5 3. Nf3 Nf6 4. d4 c6 5. Be3 Bg4 6. Nbd2 g6 7. c4 Qa5 8. Qb3 Qb6 9. Ne5 Nbd7 10. Qc3 Qc7 11. h3 Be6 12. Bf4 Qc8 13. Ndf3 Bg7 14. Qe3 0-0 15. Bd3 Nxe5 16. Bxe5 Bf5 17. 0-0 Bxd3 18. Qxd3 Qd7 19. Rfd1 b5 20. Rac1 Bh6 21. Rc2 Bg7 22. cxb5 cxb5 23. Rc7 Qe6 24. d5 Qa6 25. Rxe7 Rfe8 26. d6 Rad8 27. Qb3 Rxe7 28. dxe7 Re8 29. Rd8 Qc6 30. Qc3 Qxc3 31. Bxc3 1-0

[Event "FAI-chT 2122"]
[Site "Faroe Islands"]
[Date "2022.01.23"]
[Round "6.4"]
[White "Nielsen, Torkil"]
[Black "Debes, Ingolf"]
[Result "0-1"]
[WhiteElo "2168"]
[BlackElo "1659"]
[PlyCount "62"]
[EventDate "2021.10.03"]
[EventType "team-tourn"]
[EventRounds "10"]
[EventCountry "FAI"]
[SourceTitle "EXT 2023"]
[Source "ChessBase"]
[SourceDate "2022.10.05"]
[SourceVersion "1"]
[SourceVersionDate "2022.10.05"]
[SourceQuality "1"]
[WhiteTeam "Sandavagur"]
[BlackTeam "Vestmanna"]
[WhiteTeamCountry "FAI"]
[BlackTeamCountry "FAI"]

1. e4 e5 2. Nf3 Nc6 3. Bc4 Bc5 4. c3 Nf6 5. d4 exd4 6. e5 d5 7. Bb5 Ne4 8. cxd4 Bb4+ 9. Bd2 Nxd2 10. Nbxd2 0-0 11. 0-0 Bg4 12. Bxc6 Bxd2 13. Bxb7 Rb8 14. Qxd2 Bxf3 15. gxf3 Rxb7 16. Kh1 Qe7 17. Rg1 c5 18. dxc5 Qxc5 19. Rg4 Rfb8 20. b3 Qc6 21. Rd4 Rd7 22. Rc1 Qe6 23. f4 Rbd8 24. Qd3 f6 25. Re1 fxe5 26. Rxe5 Qb6 27. Rdxd5 Rxd5 28. Rxd5 Qb7 29. Qh3 Qxd5+ 30. Kg1 Qc6 31. Qh5 Qg6+ 0-1

[Event "FAI-chT 2021"]
[Site "Faroe Islands"]
[Date "2021.02.28"]
[Round "9.4"]
[White "Gaard, Ingolf"]
[Black "Nielsen, Torkil"]
[Result "0-1"]
[WhiteElo "1951"]
[BlackElo "2159"]
[PlyCount "78"]
[EventDate "2020.10.04"]
[EventType "team-tourn"]
[EventRounds "10"]
[EventCountry "FAI"]
[SourceTitle "EXT 2022"]
[Source "ChessBase"]
[SourceDate "2021.10.06"]
[SourceVersion "1"]
[SourceVersionDate "2021.10.06"]
[SourceQuality "1"]
[WhiteTeam "Klaksvik II"]
[BlackTeam "Sandavagur"]
[WhiteTeamCountry "FAI"]
[BlackTeamCountry "FAI"]

1. d4 f5 2. c4 e6 3. Nc3 Nf6 4. Nf3 d6 5. Bg5 Be7 6. e3 0-0 7. Bd3 Qe8 8. 0-0 Nc6 9. d5 exd5 10. cxd5 Ne5 11. Nd4 Nxd3 12. Qxd3 Qg6 13. Bf4 Ne4 14. b4 Nxc3 15. Qxc3 Bd8 16. b5 Qf7 17. h3 Qxd5 18. Rfd1 Qf7 19. a4 Bd7 20. Rac1 Rc8 21. Qa5 c5 22. Qxa7 cxd4 23. Bxd6 Re8 24. Rxc8 Bxc8 25. Rxd4 b6 26. Qxf7+ Kxf7 27. Rc4 Bb7 28. Bc7 Bxc7 29. Rxc7+ Re7 30. Rc3 Bd5 31. Rd3 Ke6 32. f3 Ra7 33. Rd4 Bb3 34. e4 Rxa4 35. exf5+ Ke7 36. Rd3 Rb4 37. Re3+ Kf7 38. Re5 Bc4 39. Re4 Rb1+ 0-1

[Event "FAI-chT 2021"]
[Site "Faroe Islands"]
[Date "2021.02.21"]
[Round "8.4"]
[White "Nielsen, Torkil"]
[Black "Petersen, Terji"]
[Result "1-0"]
[WhiteElo "2159"]
[BlackElo "1986"]
[PlyCount "55"]
[EventDate "2020.10.04"]
[EventType "team-tourn"]
[EventRounds "10"]
[EventCountry "FAI"]
[SourceTitle "EXT 2022"]
[Source "ChessBase"]
[SourceDate "2021.10.06"]
[SourceVersion "1"]
[SourceVersionDate "2021.10.06"]
[SourceQuality "1"]
[WhiteTeam "Sandavagur"]
[BlackTeam "Klaksvik"]
[WhiteTeamCountry "FAI"]
[BlackTeamCountry "FAI"]

1. e4 c6 2. d4 d5 3. f3 dxe4 4. fxe4 e5 5. Nf3 Bg4 6. Bc4 Nd7 7. 0-0 Ngf6 8. c3 Qb6 9. Kh1 Bd6 10. Nbd2 0-0 11. Qe1 Rfe8 12. Qh4 exd4 13. Ng5 Bh5 14. Nxh7 Kxh7 15. Bxf7 g5 16. Qh3 Kg7 17. Bxh5 Rh8 18. Qe6 Rxh5 19. Qxd6 dxc3 20. Nc4 Qb5 21. e5 Qxc4 22. exf6+ Kh8 23. Qd1 Qh4 24. h3 Ne5 25. f7 Rf8 26. Qd6 Rxf7 27. Qxe5+ Kg8 28. Qe8+ 1-0

[Event "FAI-chT 2021"]
[Site "Faroe Islands"]
[Date "2021.01.24"]
[Round "6.4"]
[White "Nielsen, Torkil"]
[Black "Morkore, Rogvi"]
[Result "1/2-1/2"]
[WhiteElo "2159"]
[BlackElo "1592"]
[PlyCount "83"]
[EventDate "2020.10.04"]
[EventType "team-tourn"]
[EventRounds "10"]
[EventCountry "FAI"]
[SourceTitle "EXT 2022"]
[Source "ChessBase"]
[SourceDate "2021.10.06"]
[SourceVersion "1"]
[SourceVersionDate "2021.10.06"]
[SourceQuality "1"]
[WhiteTeam "Sandavagur"]
[BlackTeam "Kollafjordur"]
[WhiteTeamCountry "FAI"]
[BlackTeamCountry "FAI"]

1. e4 e6 2. d4 d5 3. Nd2 Nf6 4. e5 Nfd7 5. Bd3 c5 6. c3 Nc6 7. Ne2 cxd4 8. cxd4 f6 9. Nf4 Nxd4 10. Qh5+ Ke7 11. exf6+ Nxf6 12. Ng6+ hxg6 13. Qxh8 Kf7 14. Qh4 e5 15. Nf3 Nxf3+ 16. gxf3 Bf5 17. Bxf5 gxf5 18. Bg5 Qa5+ 19. Kf1 Be7 20. Kg2 d4 21. Rhd1 Rd8 22. Rac1 Qb6 23. Qg3 Qd6 24. Re1 f4 25. Qh3 d3 26. Red1 d2 27. Rc8 Qd3 28. Bxf6 Bxf6 29. Rxd8 Bxd8 30. Qc8 Qg6+ 31. Kh1 Qd3 32. Qxb7+ Kf8 33. Qe4 Qb5 34. Qa8 Ke8 35. Qxa7 Qe2 36. Qa4+ Kf8 37. Qb4+ Be7 38. Qxd2 Qxf3+ 39. Kg1 Qg4+ 40. Kf1 f3 41. Qa5 Qc4+ 42. Kg1 1/2-1/2

[Event "FAI-chT 2021"]
[Site "Faroe Islands"]
[Date "2020.11.22"]
[Round "5.4"]
[White "Samuelsen, Carl Eli Nolsoe"]
[Black "Nielsen, Torkil"]
[Result "1-0"]
[WhiteElo "2176"]
[BlackElo "2159"]
[PlyCount "147"]
[EventDate "2020.10.04"]
[EventType "team-tourn"]
[EventRounds "10"]
[EventCountry "FAI"]
[SourceTitle "EXT 2022"]
[Source "ChessBase"]
[SourceDate "2021.10.06"]
[SourceVersion "1"]
[SourceVersionDate "2021.10.06"]
[SourceQuality "1"]
[WhiteTeam "Havnin"]
[BlackTeam "Sandavagur"]
[WhiteTeamCountry "FAI"]
[BlackTeamCountry "FAI"]

1. e4 e5 2. Nf3 Nc6 3. Bb5 a6 4. Ba4 Nf6 5. 0-0 Nxe4 6. d4 b5 7. Bb3 d5 8. dxe5 Be6 9. Nbd2 Be7 10. Qe2 Nc5 11. c3 0-0 12. Re1 Qd7 13. Bc2 d4 14. Ne4 Bc4 15. Nxc5 Bxc5 16. Qe4 d3 17. Rd1 f5 18. exf6 Rae8 19. Bxd3 Bxd3 20. Rxd3 Rxe4 21. Rxd7 Rxf6 22. Bg5 Rf7 23. Rxf7 Kxf7 24. Kf1 h6 25. Bh4 Ne5 26. Nxe5+ Rxe5 27. Rd1 Bd6 28. Bg3 Re6 29. Bxd6 cxd6 30. Rd5 Ke7 31. a4 bxa4 32. Ra5 d5 33. Rxa4 Rb6 34. Ra2 Kd6 35. Ke2 d4 36. Kd3 dxc3 37. Kxc3 Ke5 38. b4 Rc6+ 39. Kd3 Rd6+ 40. Ke3 Rb6 41. Ra5+ Kd6 42. Kd3 Rxb4 43. Rxa6+ Ke7 44. Rc6 Rb7 45. h4 Kf7 46. g3 Re7 47. Rc4 Ra7 48. Ke3 Rb7 49. Re4 Ra7 50. Kf4 Rb7 51. Kg4 Ra7 52. Rf4+ Kg6 53. h5+ Kh7 54. Re4 Rb7 55. Re6 Ra7 56. f4 Rb7 57. Kf5 Rf7+ 58. Ke4 Ra7 59. g4 Ra1 60. Kf5 Rf1 61. Re4 Rf2 62. Rd4 Rf1 63. Ke6 Ra1 64. Rd7 Ra6+ 65. Ke5 Ra5+ 66. Rd5 Ra7 67. g5 hxg5 68. fxg5 Rb7 69. Kf5 Rf7+ 70. Ke6 Rf1 71. Rf5 Rxf5 72. Kxf5 g6+ 73. Kf6 gxh5 74. Kf7 1-0

[Event "FAI-chT 2021"]
[Site "Faroe Islands"]
[Date "2020.11.08"]
[Round "4.3"]
[White "Johansen, Haldur Suni"]
[Black "Nielsen, Torkil"]
[Result "1/2-1/2"]
[WhiteElo "1982"]
[BlackElo "2159"]
[PlyCount "37"]
[EventDate "2020.10.04"]
[EventType "team-tourn"]
[EventRounds "10"]
[EventCountry "FAI"]
[SourceTitle "EXT 2022"]
[Source "ChessBase"]
[SourceDate "2021.10.06"]
[SourceVersion "1"]
[SourceVersionDate "2021.10.06"]
[SourceQuality "1"]
[WhiteTeam "Klaksvik II"]
[BlackTeam "Sandavagur"]
[WhiteTeamCountry "FAI"]
[BlackTeamCountry "FAI"]

1. e4 e5 2. Nf3 Nc6 3. Bb5 a6 4. Ba4 Nf6 5. 0-0 Nxe4 6. d4 b5 7. Bb3 d5 8. dxe5 Be6 9. Nbd2 Be7 10. c3 0-0 11. Bc2 Bf5 12. Re1 Bg6 13. Nxe4 dxe4 14. Qxd8 Raxd8 15. Bxe4 Bxe4 16. Rxe4 Rd1+ 17. Re1 Rxe1+ 18. Nxe1 Nxe5 19. Bf4 1/2-1/2

[Event "FAI-chT 1920"]
[Site "Faroe Islands"]
[Date "2019.10.27"]
[Round "2.4"]
[White "Nielsen, Torkil"]
[Black "Berg, Margar"]
[Result "1-0"]
[WhiteElo "2145"]
[BlackElo "1859"]
[PlyCount "73"]
[EventDate "2019.10.13"]
[EventType "team-tourn"]
[EventRounds "10"]
[EventCountry "FAI"]
[SourceTitle "CBM 195 Extra"]
[Source "ChessBase"]
[SourceDate "2020.05.31"]
[SourceVersion "1"]
[SourceVersionDate "2020.05.31"]
[SourceQuality "1"]
[WhiteTeam "Sandavagur"]
[BlackTeam "Havnin II"]
[WhiteTeamCountry "FAI"]
[BlackTeamCountry "FAI"]

1. e4 c5 2. c3 Nf6 3. e5 Nd5 4. d4 cxd4 5. cxd4 e6 6. Nc3 Nxc3 7. bxc3 b6 8. Qg4 Nc6 9. Nf3 Qc7 10. Bd2 Bb7 11. Bd3 0-0-0 12. 0-0 f5 13. Qg3 h6 14. Qg6 Ba3 15. Bc1 Ne7 16. Qg3 Bxc1 17. Rfxc1 g5 18. Ne1 Rdg8 19. c4 f4 20. Qg4 h5 21. Qe2 Nf5 22. Bxf5 exf5 23. c5 b5 24. c6 dxc6 25. d5 Re8 26. dxc6 Ba6 27. Rc5 Rh6 28. Rac1 Rhe6 29. Qxh5 Rxe5 30. Nd3 R5e7 31. Qxg5 b4 32. Qxf5+ Kb8 33. h3 Rf7 34. Nxb4 Rxf5 35. Nxa6+ Kc8 36. Nxc7 Rxc5 37. Rxc5 1-0

[Event "FAI-chT 1819"]
[Site "Faroe Islands"]
[Date "2019.04.06"]
[Round "10.1"]
[White "Nielsen, Torkil"]
[Black "Mortensen, Rogvi"]
[Result "1-0"]
[WhiteElo "2130"]
[BlackElo "2024"]
[PlyCount "85"]
[EventDate "2018.10.28"]
[EventType "team-tourn"]
[EventRounds "10"]
[EventCountry "FAI"]
[SourceTitle "CBM 189 Extra"]
[Source "ChessBase"]
[SourceDate "2019.06.03"]
[SourceVersion "1"]
[SourceVersionDate "2019.06.03"]
[SourceQuality "1"]
[WhiteTeam "Sandavagur"]
[BlackTeam "Havnin II"]
[WhiteTeamCountry "FAI"]
[BlackTeamCountry "FAI"]

1. e4 e5 2. Nf3 Nf6 3. Nxe5 d6 4. Nf3 Nxe4 5. d4 d5 6. Bd3 Bd6 7. 0-0 0-0 8. Re1 Bf5 9. c4 c6 10. Qb3 Qd7 11. Nbd2 Nxd2 12. Bxd2 Bxd3 13. Qxd3 dxc4 14. Qxc4 Na6 15. Ng5 Nc7 16. Qd3 g6 17. Re3 Bf4 18. Rh3 Bxg5 19. Bxg5 Nd5 20. Rg3 Rfe8 21. h4 Re6 22. h5 Rae8 23. Rf1 Qd6 24. hxg6 hxg6 25. Rg4 Re2 26. Rh4 Qe6 27. g4 Qe4 28. Qh3 Qxd4 29. Bc1 Re1 30. g5 Rxf1+ 31. Kxf1 Qe5 32. a3 a5 33. b4 axb4 34. axb4 Nxb4 35. Be3 Nc2 36. Bd2 Nd4 37. Bf4 Qg7 38. Qd7 Ra8 39. Qxb7 Ra1+ 40. Kg2 Ne6 41. Qb8+ Qf8 42. Be5 Qxb8 43. Rh8# 1-0

[Event "FAI-chT 1819"]
[Site "Faroe Islands"]
[Date "2019.03.17"]
[Round "9.1"]
[White "Nielsen, Torkil"]
[Black "Solsker, Tummas Martin"]
[Result "1-0"]
[WhiteElo "2130"]
[BlackElo "1948"]
[PlyCount "45"]
[EventDate "2018.10.28"]
[EventType "team-tourn"]
[EventRounds "10"]
[EventCountry "FAI"]
[SourceTitle "CBM 189 Extra"]
[Source "ChessBase"]
[SourceDate "2019.06.03"]
[SourceVersion "1"]
[SourceVersionDate "2019.06.03"]
[SourceQuality "1"]
[WhiteTeam "Sandavagur"]
[BlackTeam "Klaksvik"]
[WhiteTeamCountry "FAI"]
[BlackTeamCountry "FAI"]

1. e4 e5 2. Nf3 Nf6 3. d4 Nxe4 4. Bd3 d5 5. dxe5 Nc5 6. Be2 Be7 7. 0-0 Nc6 8. a3 0-0 9. b4 Ne4 10. Bb2 a6 11. Nbd2 Bf5 12. Bd3 Qd7 13. Re1 Rad8 14. Nf1 Qe6 15. Qe2 Ng5 16. Ng3 Nxf3+ 17. Qxf3 Bg4 18. Qf4 h5 19. h3 g5 20. Qe3 d4 21. Qe4 f5 22. exf6 Qxe4 23. Rxe4 1-0

[Event "FAI-chT 1819"]
[Site "Faroe Islands"]
[Date "2019.01.19"]
[Round "5.1"]
[White "Mortensen, Rogvi"]
[Black "Nielsen, Torkil"]
[Result "1/2-1/2"]
[WhiteElo "2024"]
[BlackElo "2130"]
[PlyCount "47"]
[EventDate "2018.10.28"]
[EventType "team-tourn"]
[EventRounds "10"]
[EventCountry "FAI"]
[SourceTitle "CBM 189 Extra"]
[Source "ChessBase"]
[SourceDate "2019.06.03"]
[SourceVersion "1"]
[SourceVersionDate "2019.06.03"]
[SourceQuality "1"]
[WhiteTeam "Havnin"]
[BlackTeam "Sandavagur"]
[WhiteTeamCountry "FAI"]
[BlackTeamCountry "FAI"]

1. e4 e5 2. Nf3 Nc6 3. Nc3 Nf6 4. d4 exd4 5. Nxd4 Bb4 6. Nxc6 Bxc3+ 7. bxc3 bxc6 8. Bd3 Qe7 9. 0-0 0-0 10. Bg5 h6 11. Bh4 Qe5 12. Bg3 Qxc3 13. Bxc7 Re8 14. Re1 d5 15. exd5 cxd5 16. Rxe8+ Nxe8 17. Bf4 Nf6 18. Qe1 Qxe1+ 19. Rxe1 Be6 20. Be5 Nd7 21. Bd4 Re8 22. Bxa7 Ra8 23. Bd4 Rxa2 24. Ra1 1/2-1/2

[Event "FAI-chT 1819"]
[Site "Faroe Islands"]
[Date "2018.11.25"]
[Round "3.1"]
[White "Skaale, Janus"]
[Black "Nielsen, Torkil"]
[Result "0-1"]
[WhiteElo "1839"]
[BlackElo "2130"]
[PlyCount "78"]
[EventDate "2018.10.28"]
[EventType "team-tourn"]
[EventRounds "10"]
[EventCountry "FAI"]
[SourceTitle "CBM 189 Extra"]
[Source "ChessBase"]
[SourceDate "2019.06.03"]
[SourceVersion "1"]
[SourceVersionDate "2019.06.03"]
[SourceQuality "1"]
[WhiteTeam "Klaksvik"]
[BlackTeam "Sandavagur"]
[WhiteTeamCountry "FAI"]
[BlackTeamCountry "FAI"]

1. e4 e5 2. Nf3 Nc6 3. Bc4 Nf6 4. d3 Bc5 5. c3 a6 6. Bb3 Ba7 7. Nbd2 0-0 8. h3 d5 9. 0-0 dxe4 10. dxe4 Qe7 11. Qe2 Nh5 12. Nc4 Ng3 13. Qc2 Nxf1 14. Kxf1 Be6 15. Ne3 Bxe3 16. Bxe3 Na5 17. Bxe6 Qxe6 18. b3 Rad8 19. Rd1 Nc6 20. Rxd8 Rxd8 21. Nd2 Ne7 22. Nc4 f5 23. exf5 Qxf5 24. Qxf5 Nxf5 25. Nxe5 Nxe3+ 26. fxe3 Rd2 27. a4 Rc2 28. b4 Rxc3 29. Ke2 b6 30. e4 Ra3 31. Nc6 Rxa4 32. e5 Kf7 33. Ke3 a5 34. bxa5 bxa5 35. Kd3 Ke6 36. Kc3 Kd5 37. Kb3 Ra1 38. Kb2 Kxc6 39. Kxa1 Kd5 0-1

[Event "Faroes op"]
[Site "Sandavagur"]
[Date "2018.07.13"]
[Round "8"]
[White "Simonsen, Hans Kristian"]
[Black "Nielsen, Torkil"]
[Result "1/2-1/2"]
[WhiteElo "2150"]
[BlackElo "2115"]
[PlyCount "54"]
[EventDate "2018.07.07"]
[EventType "swiss"]
[EventRounds "9"]
[EventCountry "FAI"]
[SourceTitle "CBM 185 Extra"]
[Source "ChessBase"]
[SourceDate "2018.07.29"]
[SourceVersion "1"]
[SourceVersionDate "2018.07.29"]
[SourceQuality "1"]

1. b3 e6 2. Bb2 Nf6 3. f4 d5 4. Nf3 c5 5. e3 Be7 6. Bb5+ Bd7 7. Bxd7+ Nbxd7 8. d3 0-0 9. Nbd2 Qc7 10. Ne5 b5 11. 0-0 Nb6 12. Ng4 Kh8 13. Bxf6 Bxf6 14. Nxf6 gxf6 15. Qh5 Rg8 16. Qh4 Nd7 17. Rf3 Rg7 18. Nf1 f5 19. Rg3 Qd8 20. Qxd8+ Rxd8 21. Rxg7 Kxg7 22. Nd2 Nb6 23. c3 Nd7 24. Nf3 Nb6 25. Nd2 Nd7 26. Nf3 Nb6 27. Nd2 Nd7 1/2-1/2

[Event "FAI-chT 1718"]
[Site "Faroe Islands"]
[Date "2018.03.17"]
[Round "10.4"]
[White "Nielsen, Torkil"]
[Black "Thorsteinsson, Sjurdur"]
[Result "0-1"]
[WhiteElo "2133"]
[BlackElo "2187"]
[PlyCount "96"]
[EventDate "2017.10.22"]
[EventType "team-tourn"]
[EventRounds "10"]
[EventCountry "FAI"]
[SourceTitle "EXT 2020"]
[Source "ChessBase"]
[SourceDate "2019.10.17"]
[SourceVersion "1"]
[SourceVersionDate "2019.10.17"]
[SourceQuality "1"]
[WhiteTeam "Sandavagur"]
[BlackTeam "Havnin"]
[WhiteTeamCountry "FAI"]
[BlackTeamCountry "FAI"]

1. e4 c5 2. c3 Nf6 3. e5 Nd5 4. d4 cxd4 5. cxd4 d6 6. Bc4 Nb6 7. Bb5+ Nc6 8. d5 a6 9. Bxc6+ bxc6 10. dxc6 dxe5 11. Qc2 Qc7 12. Be3 Nd5 13. a3 Be6 14. Nf3 f6 15. Nbd2 Rc8 16. Rc1 Nxe3 17. fxe3 Qb6 18. 0-0 Qxe3+ 19. Kh1 Qb6 20. c7 g6 21. Rfd1 Bh6 22. Qc6+ Qxc6 23. Rxc6 Bd5 24. Rc5 e6 25. b4 Be3 26. Rc3 Bb6 27. Rdc1 Kd7 28. Nc4 Bxc4 29. Rxc4 Rxc7 30. Rxc7+ Bxc7 31. Nd2 f5 32. Nb3 Bb6 33. g3 Rc8 34. Nc5+ Bxc5 35. bxc5 Kc7 36. Rc4 Kc6 37. Rc2 Rd8 38. Rb2 Kxc5 39. Rb7 g5 40. Rc7+ Kd5 41. Rxh7 g4 42. Kg2 Ke4 43. h4 gxh3+ 44. Kxh3 Kf3 45. Kh4 e4 46. Rb7 Rd6 47. Kh3 e3 48. Rb3 Kf2 0-1

[Event "FAI-chT 1718"]
[Site "Faroe Islands"]
[Date "2018.02.10"]
[Round "7.3"]
[White "Mortensen, Rogvi"]
[Black "Nielsen, Torkil"]
[Result "1/2-1/2"]
[WhiteElo "1944"]
[BlackElo "2133"]
[PlyCount "118"]
[EventDate "2017.10.22"]
[EventType "team-tourn"]
[EventRounds "10"]
[EventCountry "FAI"]
[SourceTitle "EXT 2019"]
[Source "ChessBase"]
[SourceDate "2018.10.10"]
[SourceVersion "1"]
[SourceVersionDate "2018.10.10"]
[SourceQuality "1"]
[WhiteTeam "Havnin"]
[BlackTeam "Sandavagur"]
[WhiteTeamCountry "FAI"]
[BlackTeamCountry "FAI"]

1. d4 f5 2. c4 e6 3. g3 Nf6 4. Bg2 Be7 5. Nf3 d6 6. 0-0 0-0 7. b3 Ne4 8. Nfd2 d5 9. Nf3 Bf6 10. Bb2 c5 11. e3 Nc6 12. Qe2 Qa5 13. cxd5 exd5 14. dxc5 b6 15. Bxf6 Ba6 16. Qd1 Nxf6 17. Re1 bxc5 18. Qd2 Qxd2 19. Nbxd2 Nb4 20. Bf1 Bxf1 21. Rxf1 Nd3 22. Ne1 Ne5 23. Ndf3 Nxf3+ 24. Nxf3 Ne4 25. Rac1 Rac8 26. Rfd1 Rfd8 27. Kf1 Kf7 28. Nd2 Nf6 29. Nf3 Ne4 30. Nd2 Ke6 31. f3 Nf6 32. Ke2 g5 33. Rc2 d4 34. Nc4 g4 35. exd4 cxd4 36. fxg4 Nxg4 37. Kd3 Ne5+ 38. Nxe5 Rxc2 39. Kxc2 Kxe5 40. Re1+ Kf6 41. Rf1 Ke5 42. Rf4 Rc8+ 43. Kd2 Rc6 44. Rh4 h6 45. Kd3 Ra6 46. Rxd4 Rxa2 47. Rh4 Ra6 48. Kc4 Rc6+ 49. Kb5 Rb6+ 50. Kc4 a5 51. Kc3 Ra6 52. Ra4 Kd5 53. Rf4 Rc6+ 54. Kd3 Ke5 55. Ra4 Rc5 56. Rh4 Rd5+ 57. Kc3 Rd6 58. Ra4 Rd5 59. Rh4 Rd6 1/2-1/2

[Event "FAI-ch"]
[Site "Sandavagur"]
[Date "2016.03.22"]
[Round "4"]
[White "Nielsen, Torkil"]
[Black "Thorsteinsson, Sjurdur"]
[Result "0-1"]
[WhiteElo "2163"]
[BlackElo "2201"]
[PlyCount "92"]
[EventDate "2016.03.19"]
[EventType "tourn"]
[EventRounds "9"]
[EventCountry "FAI"]
[SourceTitle "CBM 171 Extra"]
[Source "ChessBase"]
[SourceDate "2016.04.26"]
[SourceVersion "1"]
[SourceVersionDate "2016.04.26"]
[SourceQuality "1"]

1. e4 c5 2. c3 Nf6 3. e5 Nd5 4. d4 cxd4 5. cxd4 d6 6. Bc4 Nb6 7. Bb5+ Nc6 8. exd6 e6 9. Nf3 Bxd6 10. 0-0 0-0 11. Nc3 Nb4 12. Ne4 Be7 13. Bd2 a6 14. Be2 N6d5 15. Ne5 f6 16. Nd3 Nc6 17. Bc3 f5 18. Ng3 Bf6 19. Nc5 b6 20. Nb3 g6 21. Rc1 Qd6 22. Re1 Bb7 23. Bf3 Rad8 24. Qd2 Rfe8 25. Qh6 Qf8 26. Qd2 Qg7 27. Re2 Qd7 28. Rce1 Qd6 29. Qh6 Bg7 30. Qc1 a5 31. Nd2 Ba6 32. Bxd5 Qxd5 33. Nf3 Bxe2 34. Nxe2 Qd6 35. Qg5 e5 36. dxe5 Nxe5 37. Nfd4 Qd7 38. f4 Nf7 39. Qg3 Re4 40. Qf2 Bxd4 41. Nxd4 Rxd4 42. Bxd4 Qxd4 43. Re8+ Kg7 44. Re3 Rd7 45. h3 Rc7 46. Kh2 Re7 0-1